Statistics for Fairy Tail Villain Quiz

Click here to take the quiz!

General Stats

  • This quiz has been taken 287 times
  • The average score is 16 of 39

Answer Stats

Answer% Correct
Zeref
86%
Juvia
83%
Cobra
81%
Angel
78%
Midnight
74%
Brain
70%
Racer
70%
Ultear
61%
Hoteye
57%
Meredy
54%
August
48%
Brandish
47%
Eileen
46%
Sol
46%
Aria
45%
Jackal
42%
Zancrow
41%
Azuma
38%
Silver
37%
Rustyrose
37%
Totomaru
36%
Zoldeo
36%
Ajeel
33%
God Serena
33%
Dimaria
33%
Larcade
32%
Seilah
30%
Kain
30%
Jacob
29%
Invel
29%
Keyes
28%
Franmalth
25%
Ezel
25%
Tempester
25%
Neinhart
23%
Torafuzar
20%
Kyouka
17%
Wahl
13%
Bradman
12%

Score Distribution

Percentile by Number Answered

Percent of People with Each Score

Your Score History

You have not taken this quiz